Smlouva mezi Českou a Slovenskou Federativní Republikou a Spolkovou republikou Německo o dobrém sousedství a přátelské spolupráci

Bibliographic Details
Format: Article
Language:Slovak
Subjects:

MARC

LEADER 00000nab a2200000 a 4500
001 vtls000460913
003 SK-MaSNL
005 20260311224832.0
008 230120c1992 xo 0 slo
015 |a SNBRB19rr/mm-uuuuu 
035 |a CL0461045 
035 |a urn:nbn:sk:snk-ab7b0t 
035 |a (uuid)28cbfa62-6b16-4514-b4f3-26ea17e81843 
035 |a (urnnbn)urn:nbn:sk:snk:ar-a07eep 
035 |a (sysno)vtls000460913 
040 |a SNKBUCL  |b slo  |c SNKBUCL  |e AACR2 
041 0 |a slo 
044 |a xo  |c SK 
080 |a 341.241(437:430)  |2 1981 
245 0 0 |a Smlouva mezi Českou a Slovenskou Federativní Republikou a Spolkovou republikou Německo o dobrém sousedství a přátelské spolupráci 
650 0 7 |a Zmluva medzi Českou a Slovenskou federatívnou republikou  |2 snkbucl  |9 1590660 
651 7 |a Československo  |2 snkbucl  |9 21376 
651 7 |a Nemecko  |2 snkbucl  |9 21020 
655 7 |a články z novín a časopisov  |2 snkbucl  |9 267496 
773 0 |t Medzinárodné otázky  |g Roč. 1, č. 2 (1992), s. 96-103 
850 |a Slovenská národná knižnica v Martine  |a MTA001 
852 |a SNK  |b KIS3GCP 
954 |a odborná, vedecká literatúra pôvodná (slovenská)  |2 lita 
958 |a OND 
958 |a RK 
958 |a DE 
958 |a EUIPO 
958 |a article2022 
992 |a RBX 
999 |c 3262521  |d 3264451